=LDR 00000nam 2200000 4500 =001 NUTBA000000000001138 =005 20140414125220.0 =006 =007 =008 =035 ##$$a 0010-041400000000408 =082 ##$$a 658 =090 ##$$a 658 Roc s =100 ##$$a Eti Rochaety $c Dr. =245 ##$$a sistim informasi manajemen Pendidikan =250 ##$$a Cet,2 =260 ##$$a Jakarta $b Bumi aksara $c 2006 =700 ##$$a Pontjorini Rahayuningsih $c Ir.,M.pd. =850 ##$$a NBPNMAT =990 ##$$a 93746/BPAP-NTB/2014